ভারতের সাধিকা / (Record no. 77207)
[ view plain ]
| 000 -LEADER | |
|---|---|
| fixed length control field | 01081nam a2200265 a 4500 |
| 001 - CONTROL NUMBER | |
| control field | 77207 |
| 003 - CONTROL NUMBER IDENTIFIER | |
| rucl marc code | BD-RjUL |
| 005 - DATE AND TIME OF LATEST TRANSACTION | |
| control field | 20211209082938.0 |
| 008 - FIXED-LENGTH DATA ELEMENTS--GENERAL INFORMATION | |
| fixed length control field | 200303m19711973ii ||||| |||| 00| 0 ben d |
| 020 ## - INTERNATIONAL STANDARD BOOK NUMBER | |
| Terms of availability | : IRs. 10.00 (V-1 ) |
| Terms of availability | : IRs. 10.00 (V-2 ) |
| 035 ## - SYSTEM CONTROL NUMBER | |
| System control number | (BD-RjUL)77432 |
| 040 ## - CATALOGING SOURCE | |
| Original cataloging agency | BD-RjUL |
| Language of cataloging | ben |
| Transcribing agency | BD-RjUL |
| Modifying agency | BD-RjUL |
| 041 ## - LANGUAGE CODE | |
| Language code of text/sound track or separate title | ben |
| 082 ## - DEWEY DECIMAL CLASSIFICATION NUMBER | |
| Edition number | 23 |
| Classification number | 294.5092254 |
| Author mark and year | ROH V-1-2 1971-1973 |
| 100 1# - MAIN ENTRY--PERSONAL NAME | |
| Personal name | রায়, শঙ্করনাথ |
| 9 (RLIN) | 240262 |
| 245 10 - TITLE STATEMENT | |
| Title | ভারতের সাধিকা / |
| Statement of responsibility, etc. | শঙ্করনাথ রায় |
| 250 ## - EDITION STATEMENT | |
| Edition statement | ১ম প্রকাশ |
| 260 ## - PUBLICATION, DISTRIBUTION, ETC. (IMPRINT) | |
| Place of publication, distribution, etc. | কলিকাতা : |
| Name of publisher, distributor, etc. | করুণা প্রকাশনী, |
| Date of publication, distribution, etc. | ১৯৭১-১৯৭৩ ( শ্রাবণ ১৩৭৮-জ্যৈষ্ঠ ১৩৮০) |
| 300 ## - PHYSICAL DESCRIPTION | |
| Pagination | খন্ড. ; |
| Size | ২১ সেমি. |
| 505 0# - FORMATTED CONTENTS NOTE | |
| Formatted contents note | খণ্ড ১ --- খণ্ড ২ |
| 650 ## - SUBJECT ADDED ENTRY--TOPICAL TERM | |
| Topical term or geographic name as entry element | সাধিকা |
| Geographic subdivision | ভারত |
| General subdivision | সংগৃহীত জীবনী |
| 9 (RLIN) | 163843 |
| Topical term or geographic name as entry element | Women Saints |
| Geographic subdivision | Indian |
| General subdivision | Collected Biography |
| 9 (RLIN) | 163844 |
| 942 ## - ADDED ENTRY ELEMENTS (KOHA) | |
| Source of classification or shelving scheme | Dewey Decimal Classification |
| Koha item type | Books |
| Lost status | Source of classification or shelving scheme | Damaged status | Not for loan | Collection code | Permanent Location | Current Location | Shelving location | Date acquired | Source of acquisition | Total Checkouts | Full call number | Date last seen | Copy number | Koha item type |
|---|---|---|---|---|---|---|---|---|---|---|---|---|---|---|
| Dewey Decimal Classification | Not For Loan | Rare Books | Central Library, University of Rajshahi | Central Library, University of Rajshahi | Rare Book Section | 21/08/1973 | Presented by Indian Govt. | BRA 294.5092254 ROH V-1 1971 | 03/03/2020 | C-1 | Rare Books | |||
| Dewey Decimal Classification | Non-fiction | Central Library, University of Rajshahi | Central Library, University of Rajshahi | 03/03/2020 | B 294.5092254 ROH V-1 1971 | 03/03/2020 | C-2 | Books | ||||||
| Dewey Decimal Classification | Not For Loan | Rare Books | Central Library, University of Rajshahi | Central Library, University of Rajshahi | Rare Book Section | 03/03/2020 | BRA 294.5092254 ROH V-2 1973 | 03/03/2020 | C-1 | Rare Books |